Persona y libertad
محفوظ في:
| المؤلف الرئيسي: | |
|---|---|
| التنسيق: | كتاب |
| اللغة: | الإسبانية |
| منشور في: |
Barcelona
Balmes
2010
|
| الطبعة: | 1a. ed |
| سلاسل: | Biblioteca Filosófica de Balmesiana, serie I, 6
|
| الموضوعات: | |
| الوسوم: |
إضافة وسم
لا توجد وسوم, كن أول من يضع وسما على هذه التسجيلة!
|
MARC
| LEADER | 00000nam a2200000 a 4500 | ||
|---|---|---|---|
| 001 | UCG5254 | ||
| 003 | CL-VaPUC | ||
| 008 | 110120e20100000SP |||||||||||||||||spa|d | ||
| 020 | |a 9788421006689 | ||
| 082 | 0 | 4 | |a 128.3 |b FUS |2 21 |
| 100 | 0 | |a Fuster Camp, Ignasi X |e author |9 554891 | |
| 245 | 1 | 0 | |a Persona y libertad |
| 250 | |a 1a. ed | ||
| 300 | |a 315 p | ||
| 942 | |c BK | ||
| 945 | |d 20110120 00:00:00 |a cmena | ||
| 260 | |a Barcelona |b Balmes |c 2010 | ||
| 650 | 0 | |a Naturaleza humana |9 308593 | |
| 650 | 0 | |a Antropología filosófica |9 265842 | |
| 650 | 0 | |a Libertad |9 255686 | |
| 650 | 0 | |a Metafísica |9 265649 | |
| 583 | |a last modification |c 20110120 00:00:00 |k Rodrigo Vera | ||
| 490 | 0 | |a Biblioteca Filosófica de Balmesiana, serie I, 6 | |
| 999 | |c 343813 |d 343811 | ||
| 952 | |0 0 |1 0 |4 0 |6 128_300000000000000_FUS_2010 |7 0 |8 A |9 441433 |a BIBEDU |b BIBEDU |d 2019-11-22 |i 4750586 |o 128.3 FUS 2010 |p 4750586 |r 2019-11-22 |w 2019-11-22 |y BK |k FIL | ||